Χειραφέτηση και νεωτερικότητα : ο ρόλος των μέσων μαζικής επικοινωνίας

Αποθηκεύτηκε σε:
Λεπτομέρειες βιβλιογραφικής εγγραφής
Κύριος συγγραφέας: Garnham, Nicolas
Άλλοι συγγραφείς: Παπαθανασόπουλος, Στέλιος (Μεταφραστής), Πλειός, Γιώργος, 1959- (Μεταφραστής), Μεταξά, Κάτια (edtf)
Μορφή: Βιβλίο
Γλώσσα:Greek
English
Δημοσίευση: Αθήνα : Καστανιώτης, 2003.
Έκδοση:1η έκδ.
Σειρά:Επικοινωνία και κοινωνία
Θέματα:
Ετικέτες: Προσθήκη ετικέτας
Δεν υπάρχουν, Καταχωρήστε ετικέτα πρώτοι!

MARC

LEADER 00000cam a2200000 i 4500
001 1/85368
008 050916s2003 gr | ||| |||| ||gre||
020 |a 9600335133 
035 |l 10080260 
040 |a GR-MyUA  |b gre  |e AACR2 
041 1 |a gre  |h eng 
082 0 |a 302.23  |2 (22) 
100 1 |a Garnham, Nicolas. 
245 1 0 |a Χειραφέτηση και νεωτερικότητα :   |b ο ρόλος των μέσων μαζικής επικοινωνίας /   |c Νίκολας Γκάρναμ ; επιμέλεια Στέλιος Παπαθανασόπουλος, Γιώργος Πλειός ; μετάφραση Κάτια Μεταξά.  
250 |a 1η έκδ.  
260 |a Αθήνα :   |b Καστανιώτης,   |c 2003.  
300 |a 299 σ. ;   |c 24 εκ.  
490 1 |a (Επικοινωνία και κοινωνία   |v ; 21)  
500 |a Μετάφραση από τα αγγλικά 
500 |a Τίτλος πρωτοτύπου: Emancipation, the media, and modernity.  
504 |a Περιέχει βιβλιογραφία (σ. 289-296) και ευρετήριο.  
650 0 0 |a Mass media and culture. 
650 0 0 |a Mass media  |x Social aspects. 
650 0 0 |a Social sciences  |x Philosophy. 
700 1 |a Παπαθανασόπουλος, Στέλιος,  |e trl 
700 1 |a Πλειός, Γιώργος,   |d 1959-  |e trl 
700 1 |a Μεταξά, Κάτια,  |e edtf 
830 0 |a Επικοινωνία και κοινωνία 
852 |a INST  |b LESVOS  |e 20050916  |h 302.23 GAR  |p 005100032929  |q 005100032929  |t BK  |y 0 
901 |a BIBL1-2005-3 
909 |a Λ  |b 116233 
920 |a ΔΙΕΥΡΥΝΣΗ  |b ΕΠΕΑΕΚ-ΤΚ  |y Λέσβος  |z 2004-10 
970 |a ΚΑΡΑ  |b ΓΙΑΣΕΜΗ  |z 2005/09/16